| 000 | 00594nam a2200229Ia 4500 | ||
|---|---|---|---|
| 008 | 170203s9999 xx 000 0 und d | ||
| 020 | _a9780439675000 | ||
| 050 | _a371.8 | ||
| 050 | _b.C22c 2005 | ||
| 100 | _aCanfield, Jack. | ||
| 245 | _aChicken soup for the teenage soul's the real deal : | ||
| 245 | _bSchool cliques, classes, clubs and more / | ||
| 245 | _cJack Canfield | ||
| 260 | _aNew York : | ||
| 260 | _bScholastic Inc, | ||
| 260 | _c2005 | ||
| 300 | _a292 pages : | ||
| 300 | _c21 cm. | ||
| 650 | _aConduct of life | ||
| 650 | _aTeenagers | ||
| 650 | _xAnecdotes. | ||
| 999 |
_c305423 _d305423 |
||